000 00412nam a2200181Ia 4500
008 220531s9999 xx 000 0 und d
041 _aeng
082 _bOOM
100 _aOommen, T. K.
_946564
245 _aCitizenship Nationality
250 _a1ST
260 _bPolity
_c2003
300 _a270
542 _d03-07-2004
650 _aSociology
_946565
906 _d2004-2005
999 _c27397
_d27397